Classement des états du monde par puissance militaire - Statistiques

Statistiques générales
  • Ce quiz a été pris 267 fois
  • Le résultat moyen est 23 sur 30
Statistiques - réponses
Hint Réponse % Correct
1 Etats-unis
100%
9 France
100%
2 Russie
100%
3 Chine
99%
4 Inde
96%
25 Allemagne
95%
5 Royaume-uni
94%
8 Japon
92%
21 Espagne
91%
12 Brésil
90%
10 Italie
90%
27 Canada
86%
6 Corée du sud
86%
7 Pakistan
84%
16 Australie
81%
26 Algerie
80%
15 Ukraine
80%
28 Argentine
79%
11 Turquie
79%
20 Pologne
76%
17 Iran
72%
22 Arabie saoudite
71%
14 Egypte
71%
18 Israel
70%
13 Indonésie
65%
30 Grèce
51%
19 Viêt Nam
50%
24 Thaïlande
47%
23 Taïwan
30%
29 Singapour
15%
Aucun quiz correspondant
Distribution des résultats
% des personnes avec chaque résultat
Percentile par nombre de réponses
Votre historique - résultats
Vous n’avez pas pris ce quiz